Турецкий язык (Запись № 11433948)

Подробности
000 -МАРКЕР
контрольное поле 02465nam0a22003851i 4500
001 - ИДЕНТИФИКАТОР ЗАПИСИ
контрольное поле RU\NLR\BIBL_A\011103611
005 - ИДЕНТИФИКАТОР ВЕРСИИ
контрольное поле 20260406015220.0
010 ## - МЕЖДУНАРОДНЫЙ СТАНДАРТНЫЙ НОМЕР КНИГИ (ISBN)
Номер (ISBN) 9785990753433
Тираж 500
021 ## - НОМЕР ГОСУДАРСТВЕННОЙ РЕГИСТРАЦИИ
Код страны Российская Федерация
Номер 2016-25002
Номер Листа государственной регистраци 1590
035 ## - ДРУГИЕ СИСТЕМНЫЕ НОМЕРА
Идентификатор записи (NLR Aleph) 011103611
100 ## - ДАННЫЕ ОБЩЕЙ ОБРАБОТКИ
Данные общей обработки 20160418d2016 u y0rusy50 ca
101 0# - ЯЗЫК РЕСУРСА
Язык текста, звукозаписи и т.д. русский
-- турецкий
102 ## - СТРАНА ПУБЛИКАЦИИ ИЛИ ПРОИЗВОДСТВА
Страна публикации Российская Федерация
105 ## - ПОЛЕ КОДИРОВАННЫХ ДАННЫХ: ТЕКСТОВЫЕ МАТЕРИАЛЫ, МОНОГРАФИЧЕСКИЕ
Кодированные данные о монографическом текстовом документе y j 001yy
200 1# - ЗАГЛАВИЕ И СВЕДЕНИЯ ОБ ОТВЕТСТВЕННОСТИ
Основное заглавие Турецкий язык
Сведения, относящиеся к заглавию учебно-методический комплекс по переводу турецко-российской прессы
Наименование части Ключи к упражнениям и расшифровки видеофрагментов с переводом
Сведения, относящиеся к заглавию для студентов старших курсов языковых вузов и лиц, находящихся на продвинутом уровне изучения турецкого языка
Первые сведения об ответственности Е.А. Оганова, С.Н. Воробьёва
Последующие сведения об ответственности Моск. гос. ун-т им. М.В. Ломоносова, Ин-т стран Азии и Африки
205 ## - СВЕДЕНИЯ ОБ ИЗДАНИИ
Сведения об издании 3-е изд.
210 ## - ПУБЛИКАЦИЯ, РАСПРОСТРАНЕНИЕ И ДР.
Место издания, распространения и т.д. Москва
Имя издателя, распространителя и т. д. МБА
Дата издания, распространения и т.д. 2016
215 ## - ФИЗИЧЕСКАЯ ХАРАКТЕРИСТИКА
Специфическое обозначение материала и объем 91 с
Размеры 24
300 ## - ОБЩИЕ ПРИМЕЧАНИЯ
Текст примечания На обл. загл. разд.: Ключи к упражнениям. Расшифровки видеофрагментов с переводом
300 ## - ОБЩИЕ ПРИМЕЧАНИЯ
Текст примечания На 4-й с. обл. авт.: Оганова Е.А., к.филол.н., доц., преп., Воробьева С.Н., к.филол.н., пер.
316 ## - ПРИМЕЧАНИЯ ОБ ОСОБЕННОСТЯХ ЭКЗЕМПЛЯРА
Текст примечания Видеоприл, указ. в вып. дан., отсутствует
Организация и экземпляр, к которому относится поле NLR
517 1# - ДРУГИЕ ВАРИАНТЫ ЗАГЛАВИЯ
Вариант заглавия Ключи к упражнениям. Расшифровки видеофрагментов с переводом
517 1# - ДРУГИЕ ВАРИАНТЫ ЗАГЛАВИЯ
Вариант заглавия Расшифровки видеофрагментов с переводом
606 1# - НАИМЕНОВАНИЕ ТЕМЫ КАК ПРЕДМЕТ
Наименование темы Турецкий язык
Формальный подзаголовок Учебные издания для высших учебных заведений
Тематический подзаголовок Перевод
-- Русский язык
Системный номер авторитетной/нормативной записи 2284323
Идентификатор авторитетной/нормативной записи RU\NLR\AUTH\6601596416
686 1# - ИНДЕКСЫ ДРУГИХ КЛАССИФИКАЦИЙ
Индекс Ш163.12-93рус3-77
700 #1 - ИМЯ ЛИЦА - ПЕРВИЧНАЯ ОТВЕТСТВЕННОСТЬ
Начальный элемент ввода Оганова
Часть имени, кроме начального элемента ввода Е. А.
Расширение инициалов личного имени Елена Александровна
701 #1 - ИМЯ ЛИЦА - АЛЬТЕРНАТИВНАЯ ОТВЕТСТВЕННОСТЬ
Графика поля Кириллица
Материалы, к которым относится поле rus
Начальный элемент ввода Воробьева
Часть имени, кроме начального элемента ввода С. Н.
Дополнения к именам, кроме дат канд. филол. наук, тюрколог
Расширение инициалов личного имени Светлана Николаевна
Системный номер авторитетной/нормативной записи 103618
Идентификатор авторитетной/нормативной записи RU\NLR\AUTH\77120693
852 ## - МЕСТОНАХОЖДЕНИЕ И ШИФР ХРАНЕНИЯ
Идентификатор организации NLR
Наименование фонда или коллекции (Sub-Location Identifier) ОЛСАА-тур
Шифр хранения (Call Number) 3-1384
942 ## - ДОПОЛНИТЕЛЬНЫЕ ЭЛЕМЕНТЫ ЗАПИСИ (АБИС)
Тип экземпляра АБИС Книга
980 ## - КОЛЛЕКЦИЯ
Название коллекции НБР
980 1# - КОЛЛЕКЦИЯ
Название коллекции ОЛСАА Турецкий

Нет доступных экземпляров.